00499nam a2200205Ia 4500008004100000020001800041050001400059100002200073245004300095245002500138260001500163260001600178260000900194300001600203300002600219300001000245300002300255440000700278500000800285170918s9999 xx 000 0 und d a9780439691420 bS857 2005 aStilton, Geronimo aMy name is Stilton, Geronimo Stilton / cby Geronimo Stilton. aNew York : bScholastic, c2005 a102 pages : bcolor illustrations ; c19cm. eGeronimo Stilton ; a19 a450